[Event "AUTO-ADV-2508"]
[Site "http://www.queenalice.com/game.php?id=1107701"]
[Date "2012.9.29"]
[Round "2"]
[White "Pion1612"]
[Black "ThiagoTanaka"]
[Result "1-0"]
[WhiteElo "1801"]
[BlackElo "1769"]

1. d4 c6 2. Nc3 d5 3. Bf4 Bf5 4. Nf3 h6 5. Nd2 Nf6 6. e3 Nbd7 7. Bd3 Bxd3 8.
cxd3 e6 9. e4 dxe4 10. dxe4 Bb4 11. Qb3 Qb6 12. Be3 O-O 13. Nc4 Bxc3+ 14. Qxc3
Qb5 15. Nd6 Qa6 16. h3 Rad8 17. Qa3 Qxa3 18. bxa3 Rb8 19. O-O Rfd8 20. g4 Nb6
21. Bf4 Ra8 22. Be5 Ne8 23. Nxb7 Rd7 24. Nc5 Rdd8 25. Rad1 Nc4 26. Rd3 Nxe5 27.
dxe5 Nc7 28. Rfd1 Rxd3 29. Rxd3 Kf8 30. Kg2 Ke7 31. Rd7+ 1-0

[Event "AUTO-ADV-2508"]
[Site "http://www.queenalice.com/game.php?id=1107706"]
[Date "2012.9.29"]
[Round "2"]
[White "Pion1612"]
[Black "ggg09"]
[Result "0-1"]
[WhiteElo "1789"]
[BlackElo "2134"]

1. d4 e6 2. e4 d5 3. e5 c5 4. c3 Qb6 5. Nf3 Bd7 6. g3 Ne7 7. Bg2 Nf5 8. O-O Nc6
9. Be3 Qxb2 10. Qb3 Qxb3 11. axb3 cxd4 12. cxd4 Bb4 13. Rd1 Nxe3 14. fxe3 O-O
15. Nbd2 Rfc8 16. e4 Bc3 17. Rac1 Nxd4 18. exd5 Ne2+ 19. Kf2 Nxc1 20. Rxc1 exd5
21. Bf1 Bd4+ 22. Nxd4 Rxc1 0-1

[Event "AUTO-ADV-2508"]
[Site "http://www.queenalice.com/game.php?id=1107707"]
[Date "2012.9.29"]
[Round "2"]
[White "ggg09"]
[Black "Pion1612"]
[Result "1-0"]
[WhiteElo "2184"]
[BlackElo "1787"]

1. e4 e5 2. Nf3 d6 3. Bc4 Nf6 4. Ng5 d5 5. exd5 Bg4 6. f3 Bh5 7. g4 Bg6 8. d3
Bc5 9. h4 h5 10. Nc3 Nbd7 11. Qe2 Bd6 12. Be3 Qe7 13. O-O-O a6 14. Kb1 O-O-O 15.
a3 Bc5 16. Bxc5 Qxc5 17. d6 Rhf8 18. Nge4 Nxe4 19. Nxe4 Bxe4 20. dxc7 Kxc7 21.
fxe4 Rc8 22. gxh5 f5 23. Rhg1 fxe4 24. Qxe4 Rf4 25. Qh1 Qf2 26. Rxg7 Rxh4 27.
Qd5 Qd4 28. Rxd7+ 1-0

[Event "Challenge"]
[Site "http://www.queenalice.com/game.php?id=1220737"]
[Date "2013.9.28"]
[Round "-"]
[White "Pion1612"]
[Black "polyhedron2"]
[Result "1-0"]
[WhiteElo "1816"]
[BlackElo "1800"]

1. e4 c5 2. Nf3 d6 3. Nc3 g6 4. d4 Nd7 5. Bf4 Bg7 6. dxc5 Nxc5 7. e5 dxe5 8.
Qxd8+ Kxd8 9. O-O-O+ Nd7 10. Nxe5 Nf6 11. Nxf7+ Ke8 12. Nxh8 Bxh8 13. Bc4 Ng4
14. Rd2 Bxc3 15. bxc3 Nb6 16. h3 Nxc4 17. Rd4 Nxf2 18. Rf1 Nxh3 19. Bh6 Nd6 20.
gxh3 Bxh3 21. Rf8+ 1-0

[Event "Challenge"]
[Site "http://www.queenalice.com/game.php?id=1220738"]
[Date "2013.9.28"]
[Round "-"]
[White "Igor2000"]
[Black "Pion1612"]
[Result "0-1"]
[WhiteElo "1884"]
[BlackElo "1831"]

1. e4 e5 2. Nf3 Nc6 3. d4 exd4 4. Nxd4 Nxd4 5. Qxd4 d6 6. Bc4 Qf6 7. Qd1 Be6 8.
Bxe6 Qxe6 9. O-O O-O-O 10. Nc3 Nf6 11. Re1 Qg4 12. Qxg4+ Nxg4 13. Bg5 Re8 14. h3
Ne5 15. Rad1 Be7 16. Bxe7 Rxe7 17. Nd5 Re6 18. Nf4 Rh6 19. Nd5 Re8 20. Ne3 Rg6
21. Nd5 Nf3+ 22. Kh1 Nxe1 23. Rxe1 c6 24. Nc3 d5 0-1

[Event "Challenge"]
[Site "http://www.queenalice.com/game.php?id=1232929"]
[Date "2013.11.17"]
[Round "-"]
[White "knetfan"]
[Black "Pion1612"]
[Result "0-1"]
[WhiteElo "1996"]
[BlackElo "1880"]

1. e4 e5 2. Bc4 Nf6 3. d3 Bc5 4. Nf3 Nc6 5. O-O d5 6. exd5 Nxd5 7. Re1 O-O 8.
Nxe5 Qf6 9. Nf3 Be6 10. Bg5 Qxb2 11. Nbd2 Nc3 12. Qc1 Qxc1 13. Rexc1 Ne2+ 14.
Kf1 Nxc1 15. Rxc1 Rfe8 16. Bxe6 Rxe6 17. Ne4 Be7 18. Bxe7 Rxe7 19. Rb1 b6 20.
Ng3 Rae8 21. Re1 Rxe1+ 22. Nxe1 Ne7 23. Nf3 g6 24. Ne4 Kg7 25. h3 f6 26. g3 Nd5
27. a3 a5 28. Kg2 b5 29. Nd4 b4 30. axb4 Nxb4 31. Nc5 Kf7 32. f4 Ra8 33. Kf3 Na6
34. Nxa6 Rxa6 35. Nb5 c6 36. Nd6+ Ke6 37. Nc4 a4 38. Na3 Kd5 39. Ke3 Rb6 40. Nc4
Rb1 41. c3 Kc5 42. Kd2 Rg1 43. Nb2 a3 44. Na4+ Kb5 0-1

[Event "Challenge"]
[Site "http://www.queenalice.com/game.php?id=1238050"]
[Date "2013.12.6"]
[Round "-"]
[White "Pion1612"]
[Black "miltonlovisk"]
[Result "1-0"]
[WhiteElo "1901"]
[BlackElo "1991"]

1. d4 d5 2. Nc3 Nf6 3. Bf4 a6 4. Qd3 g6 5. f3 Nc6 6. O-O-O Bf5 7. Qd2 Bg7 8. Re1
Nb4 9. g4 Bd7 10. a3 Nc6 11. Bh6 O-O 12. Bxg7 Kxg7 13. g5 Nh5 14. e4 dxe4 15.
fxe4 f6 16. Nge2 Bg4 17. Bg2 Bxe2 18. Nxe2 e5 19. d5 Na7 20. Ref1 Qd6 21. Bh3
Rad8 22. Be6 c6 23. gxf6+ Nxf6 24. Ng3 cxd5 25. exd5 Nc6 26. Rhg1 Nd4 27. Qxd4
exd4 28. Nf5+ 1-0

[Event "Challenge"]
[Site "http://www.queenalice.com/game.php?id=1238052"]
[Date "2013.12.6"]
[Round "-"]
[White "Pion1612"]
[Black "tewald"]
[Result "1-0"]
[WhiteElo "1861"]
[BlackElo "1937"]

1. e4 d6 2. d4 e5 3. Be3 exd4 4. Bxd4 Nc6 5. Nc3 Nxd4 6. Qxd4 c5 7. Qa4+ Bd7 8.
Bb5 Nf6 9. Bxd7+ Qxd7 10. Qxd7+ Nxd7 11. Nd5 O-O-O 12. O-O-O Ne5 13. Nf3 Ng4 14.
Rd2 f6 15. h3 Nh6 16. Rhd1 f5 17. e5 dxe5 18. Nb6+ Kc7 19. Rxd8 Kxb6 20. Nxe5 g6
21. Nd7+ 1-0

[Event "AUTO-ADV-3118"]
[Site "http://www.queenalice.com/game.php?id=1270518"]
[Date "2014.4.5"]
[Round "1"]
[White "Pion1612"]
[Black "twiddledeedum"]
[Result "1-0"]
[WhiteElo "1948"]
[BlackElo "1723"]

1. e4 e5 2. Nf3 d6 3. d4 Bg4 4. Be2 h6 5. dxe5 Nc6 6. exd6 Bxd6 7. O-O Nf6 8.
Re1 O-O 9. Bd3 Bxf3 10. Qxf3 Be5 11. c3 Qd6 12. h3 a6 13. Nd2 Rad8 14. Bc2 b5
15. a4 b4 16. Nc4 Qc5 17. Nxe5 Nxe5 18. Qe3 Qxe3 19. Rxe3 Nc4 20. Re2 bxc3 21.
bxc3 Ne5 22. Bf4 Rfe8 23. Bh2 Nc4 24. Rae1 Na3 25. Bb3 Rb8 26. Ba2 Rb7 27. e5
Nh7 28. e6 f6 29. e7+ Kh8 30. Bf7 Rbb8 31. Bxe8 Rxe8 32. Bxc7 Nc4 33. Rd1 Nb2
34. Rd8 1-0

[Event "AUTO-ADV-3118"]
[Site "http://www.queenalice.com/game.php?id=1270519"]
[Date "2014.4.5"]
[Round "1"]
[White "twiddledeedum"]
[Black "Pion1612"]
[Result "0-1"]
[WhiteElo "1675"]
[BlackElo "1955"]

1. e4 e5 2. Nf3 Nc6 3. d4 exd4 4. Nxd4 Qh4 5. Nxc6 Qxe4+ 6. Qe2 Qxe2+ 7. Bxe2
dxc6 8. O-O Be6 9. b3 O-O-O 10. Bb2 Ne7 11. Na3 Nd5 12. Rad1 Bd6 13. Bf3 Rhg8
14. c4 Nb4 15. Be4 f5 16. Bb1 h5 17. Nc2 Nxc2 18. Bxc2 g5 19. h3 b5 20. Rfe1 Bd7
21. cxb5 cxb5 22. b4 Bxb4 23. Re2 Rde8 24. Rxe8+ Rxe8 25. a3 Re2 26. axb4 Rxc2
27. Bf6 g4 28. hxg4 fxg4 29. g3 Bc6 30. Bd4 Ra2 31. Ra1 Rxa1+ 32. Bxa1 Kb7 33.
Kf1 a5 34. bxa5 Ka6 35. Bc3 Bf3 36. Ke1 c5 37. Kd2 b4 38. Bb2 Kxa5 39. Ke3 c4
40. Kf4 c3 41. Bc1 Ka4 42. Ke3 Kb3 43. Kd3 Bd5 44. Be3 Bc4+ 45. Kd4 Be2 46. Bf4
c2 47. Bc1 Ka2 48. Ke3 b3 0-1

[Event "AUTO-ADV-3118"]
[Site "http://www.queenalice.com/game.php?id=1270520"]
[Date "2014.4.5"]
[Round "1"]
[White "Pion1612"]
[Black "BlackKnight72"]
[Result "1-0"]
[WhiteElo "1927"]
[BlackElo "1667"]

1. e4 c6 2. d4 d5 3. e5 Bf5 4. Bd3 Bxd3 5. Qxd3 e6 6. Nf3 Ne7 7. O-O Ng6 8. Nc3
c5 9. dxc5 Bxc5 10. Qb5+ Nd7 11. Qxb7 O-O 12. Qa6 Ndxe5 13. Nxe5 Nxe5 14. Qe2
Nc4 15. Rd1 Qc7 16. b3 Nd6 17. Bf4 Rfe8 18. Qg4 Kh8 19. Rd3 Qb6 20. Rf3 Nf5 21.
Rd1 a6 22. Ne2 Rac8 23. Rf1 g6 24. Be5+ Kg8 25. Nf4 Ng7 26. Bxg7 Kxg7 27. Nh5+
Kf8 28. Nf6 h5 29. Qg5 1-0

[Event "AUTO-ADV-3118"]
[Site "http://www.queenalice.com/game.php?id=1270521"]
[Date "2014.4.5"]
[Round "1"]
[White "BlackKnight72"]
[Black "Pion1612"]
[Result "0-1"]
[WhiteElo "1659"]
[BlackElo "1921"]

1. e4 e5 2. Nf3 Nc6 3. Bc4 Bc5 4. Nc3 Nf6 5. Nxe5 Nxe5 6. d4 Nxc4 7. dxc5 h6 8.
O-O d6 9. b3 Ne5 10. cxd6 Qxd6 11. Qe2 O-O 12. Bf4 Re8 13. Rfd1 Qc6 14. Nd5 Ng6
15. Nxf6+ Qxf6 16. Bxc7 Qc6 17. Bg3 Rxe4 18. Qf3 Bg4 19. Qd3 Bxd1 20. Rxd1 Rae8
21. c4 Re1+ 0-1

[Event "AUTO-ADV-3118"]
[Site "http://www.queenalice.com/game.php?id=1270522"]
[Date "2014.4.5"]
[Round "1"]
[White "Pion1612"]
[Black "volga1"]
[Result "1-0"]
[WhiteElo "1960"]
[BlackElo "1510"]

1. e4 d5 2. exd5 Qxd5 3. Nc3 Qe5+ 4. Nge2 Bg4 5. d3 Bxe2 6. Bxe2 Nc6 7. O-O e6
8. a3 Nf6 9. Re1 Qd6 10. g3 h5 11. Bf4 e5 12. Bf3 O-O-O 13. Be3 Kb8 14. Nb5 Qe6
15. c4 a6 16. Nc3 h4 17. g4 Be7 18. h3 Bd6 19. Qb3 Na5 20. Qa4 e4 21. Nxe4 Qe5
22. Nxd6 c5 23. Qxa5 1-0

[Event "AUTO-ADV-3118"]
[Site "http://www.queenalice.com/game.php?id=1270523"]
[Date "2014.4.5"]
[Round "1"]
[White "volga1"]
[Black "Pion1612"]
[Result "0-1"]
[WhiteElo "1508"]
[BlackElo "1962"]

1. e4 e5 2. f4 Bc5 3. Nf3 d6 4. fxe5 dxe5 5. d4 exd4 6. Bg5 f6 7. Bh4 Qe7 8. Bd3
Nc6 9. a3 Bd7 10. O-O g5 11. Bg3 O-O-O 12. b4 Bb6 13. Nbd2 Bg4 14. Nc4 Bxf3 15.
Qxf3 Ne5 16. Bxe5 fxe5 17. Qf5+ Kb8 18. Qxe5 Qxe5 19. Nxe5 Nh6 20. Nf7 Nxf7 21.
Rxf7 Rdf8 22. Raf1 Rxf7 23. Rxf7 c6 24. Kf2 h5 25. e5 Re8 26. Rf5 Bd8 27. Kf3
Rg8 0-1

[Event "Hagel"]
[Site "http://www.queenalice.com/game.php?id=1282982"]
[Date "2014.5.20"]
[Round "1"]
[White "Pion1612"]
[Black "Esvir"]
[Result "1-0"]
[WhiteElo "1964"]
[BlackElo "1964"]

1. e4 e5 2. Nf3 Nc6 3. Bc4 h6 4. O-O Nf6 5. Re1 Bc5 6. c3 a6 7. d4 exd4 8. cxd4
Bb4 9. Bd2 Bxd2 10. Qxd2 O-O 11. Nc3 b5 12. Bb3 d6 13. h3 Ne7 14. Re3 Ng6 15.
Nd5 Nxd5 16. Bxd5 Ra7 17. Rc1 Nf4 18. Bc6 Bb7 19. Rec3 Bxc6 20. Rxc6 Ne6 21. d5
Nc5 22. Qd4 Re8 23. e5 Re7 24. b4 Qd7 25. bxc5 Qf5 26. cxd6 cxd6 27. Rxd6 Rad7
28. Rxa6 f6 29. Ra8+ Kh7 30. Nh4 fxe5 31. Rcc8 Qb1+ 32. Kh2 g5 33. Rh8+ Kg7 34.
Qb6 1-0

[Event "AUTO-ADV-3118"]
[Site "http://www.queenalice.com/game.php?id=1302727"]
[Date "2014.8.20"]
[Round "2"]
[White "worldwide"]
[Black "Pion1612"]
[Result "1-0"]
[WhiteElo "1986"]
[BlackElo "1995"]

1. Nf3 d5 2. d4 Bg4 3. e3 Nf6 4. Nbd2 g6 5. Be2 Bg7 6. O-O O-O 7. Ne5 Bxe2 8.
Qxe2 c5 9. Ndf3 Nc6 10. c3 Nxe5 11. Nxe5 Qd6 12. Qb5 b6 13. Nc6 Rfc8 14. dxc5
bxc5 15. Na5 Ng4 16. g3 Rab8 17. Qe2 Ne5 18. Nb3 1-0

[Event "AUTO-ADV-3118"]
[Site "http://www.queenalice.com/game.php?id=1302728"]
[Date "2014.8.20"]
[Round "2"]
[White "Pion1612"]
[Black "worldwide"]
[Result "0-1"]
[WhiteElo "1979"]
[BlackElo "2002"]

1. e4 b6 2. d4 Bb7 3. Nc3 e6 4. Nf3 Bb4 5. Bd3 Bxc3+ 6. bxc3 d5 7. exd5 Bxd5 8.
O-O Nf6 9. c4 Bc6 10. Ne5 Ba4 11. Bb2 Nc6 12. Nxc6 Bxc6 13. d5 exd5 14. cxd5
Bxd5 15. Re1+ Be6 16. Bb5+ Nd7 17. Bxg7 Rg8 18. Rxe6+ fxe6 0-1

[Event "Hagel"]
[Site "http://www.queenalice.com/game.php?id=1305026"]
[Date "2014.8.29"]
[Round "2"]
[White "Hagel"]
[Black "Pion1612"]
[Result "1-0"]
[WhiteElo "2167"]
[BlackElo "1964"]

1. e4 e5 2. Nf3 d6 3. d4 exd4 4. Nxd4 Nf6 5. Nc3 g6 6. Be3 Bg7 7. f3 O-O 8. Qd2
Nbd7 9. h3 Nb6 10. O-O-O c5 11. Ndb5 Be6 12. Qxd6 Qxd6 13. Nxd6 Nfd7 14. Ncb5
Bxa2 15. Nxb7 c4 16. Bd4 Bh6+ 17. Rd2 Na4 18. N5d6 Ndb6 19. g3 Bxd2+ 20. Kxd2
Rfb8 21. Be2 Nc8 22. Ra1 Nxd6 23. Nxd6 1-0

[Event "Hagel"]
[Site "http://www.queenalice.com/game.php?id=1329567"]
[Date "2014.12.21"]
[Round "3"]
[White "Pion1612"]
[Black "Rutty"]
[Result "1-0"]
[WhiteElo "1956"]
[BlackElo "2108"]

1. e4 e5 2. Nf3 Nc6 3. Bb5 Bc5 4. Nc3 d6 5. d4 exd4 6. Nxd4 Bd7 7. Nxc6 bxc6 8.
Bc4 Nf6 9. h3 h6 10. O-O O-O 11. Bf4 Qe7 12. Re1 Be6 13. Bb3 a5 14. e5 Nd7 15.
exd6 cxd6 16. Ne4 d5 17. Nxc5 Nxc5 18. c3 Ne4 19. Bc2 f5 20. Qf3 Qf6 21. Bc7 a4
22. Re2 Rf7 23. Bb6 Ng5 24. Qf4 Rb7 25. Bd4 Qf7 26. Bd3 Ne4 27. Rae1 c5 28. Be5
c4 29. Bb1 Ra6 30. Bd4 g5 31. Qe5 Kh7 32. f3 a3 33. bxa3 Nxc3 34. Bxc3 Kg6 35.
g4 h5 36. Bxf5+ Bxf5 37. gxf5+ Qxf5 38. Qe8+ Rf7 39. Re6+ Rxe6 40. Rxe6+ 1-0

[Event "Hagel"]
[Site "http://www.queenalice.com/game.php?id=1350839"]
[Date "2015.3.31"]
[Round "4"]
[White "Pion1612"]
[Black "kokokinel"]
[Result "0-1"]
[WhiteElo "1978"]
[BlackElo "2162"]

1. e4 e5 2. Nf3 Nf6 3. d3 Nc6 4. Nc3 Bc5 5. Bg5 d6 6. Nd5 Be6 7. Nxf6+ gxf6 8.
Bh4 Qe7 9. Qd2 h5 10. c3 O-O-O 11. Be2 Rdg8 12. O-O Bg4 13. h3 Bxh3 14. Bg3 Bd7
15. b4 Bb6 16. a4 a5 17. Rfb1 f5 18. bxa5 Nxa5 19. Kf1 f4 20. Bh4 f6 21. d4 Qg7
22. g3 fxg3 23. fxg3 Be6 24. d5 Bd7 25. Bb5 Qg4 26. Bxd7+ Kxd7 0-1